000 00922nam a22002655a 4500
005 20160620134256.0
008 160620r20152011ii a frb 001 0 eng d
020 _a9788126554232
040 _aEG-ScBUE
_beng
_cEG-ScBUE
_dEG-ScBUE
082 0 4 _a620.00151
_bKRE
_222
100 1 _aKreyszig, Erwin.
_912964
245 1 0 _aAdvanced engineering mathematics /
_cErwin Kreyszig, Herbert Kreyszig, Edward J. Norminton.
250 _a10th ed., International student verson, Reprint ed.
260 _aNew Delhi :
_bWiley,
_c2015.
300 _a(Various pagings) :
_bill. ;
_c25 cm.
500 _aReprinted of 2011 ed.
504 _aIncludes bibliographical references and index.
650 7 _2BUEsh
_93194
_aEngineering mathematics.
650 7 _96575
_aMathematical physics.
_2BUEsh
651 _2BUEsh
653 _bENGGEN
_cJune2016
700 1 _aKreyszig, Herbert
_935674
700 1 _aNorminton, Edward J.
942 _2ddc
999 _c21933
_d21905